| 000 -LEADER |
| fixed length control field |
00821nam a22001337a 4500 |
| 040 ## - CATALOGING SOURCE |
| Transcribing agency |
RUA |
| 082 ## - DEWEY DECIMAL CLASSIFICATION NUMBER |
| Classification number |
RUB NHE 2018 B662 Or.1 |
| 100 ## - MAIN ENTRY--AUTHOR NAME |
| Personal name |
NHEL PHIRUN ញុិល ភីរុន |
| 245 ## - TITLE STATEMENT |
| Title |
effects of rrimflow stimulation system on yield and tpd disease on clones gt 1, pr 107 and pb 255 at sopheak nika investment group co., ltd ឥទ្ធពលនៃប្រពន្ធរំញេចកម្ម RRIMflow លើទិន្នផលនិងជំងឺស្ងួតចៀរនៃក្លូនកៅស៊ូ GT1, PR107 និងPB 255 នៅក្រុមហហ៊ុន សុភក្តិនីការ អុិនវេសមេន គ្រុបខូ អិលធីឌី |
| 260 ## - PUBLICATION, DISTRIBUTION, ETC. (IMPRINT) |
| Place of publication |
RUA |
| Name of publisher |
Phnom penh |
| Year of publication |
2018 |
| 300 ## - PHYSICAL DESCRIPTION |
| Number of Pages |
xiii;65p |
| Other physical details |
ill; |
| Dimensions |
29cm |
| 856 ## - ELECTRONIC LOCATION AND ACCESS |
| Uniform Resource Identifier |
NHEL PHIRUN |
| 942 ## - ADDED ENTRY ELEMENTS (KOHA) |
| Koha item type |
RUB |
| 952 ## - LOCATION AND ITEM INFORMATION (KOHA) |
| Withdrawn status [LOCAL, KOHA] |
0 |
| 952 ## - LOCATION AND ITEM INFORMATION (KOHA) |
| Withdrawn status [LOCAL, KOHA] |
0 |
| 952 ## - LOCATION AND ITEM INFORMATION (KOHA) |
| Withdrawn status [LOCAL, KOHA] |
0 |
| 952 ## - LOCATION AND ITEM INFORMATION (KOHA) |
| Withdrawn status [LOCAL, KOHA] |
0 |
| 952 ## - LOCATION AND ITEM INFORMATION (KOHA) |
| Withdrawn status [LOCAL, KOHA] |
0 |
| 952 ## - LOCATION AND ITEM INFORMATION (KOHA) |
| Withdrawn status [LOCAL, KOHA] |
0 |